Autographs: a key to collecting,

Bibliographic Details
Main Author: Benjamin, Mary A. (Author)
Format: Book
Language:English
Published: New York, R.R. Bowker Co., 1946.
Subjects:

MARC

Tag First Indicator Second Indicator Subfields
LEADER 00000cam a22000001 4500
001 in00000079511
005 20230724125952.0
007 ta
008 810403s1946 nyuah b 000 0 eng
010 |a  46003103  
016 7 |a 000272087  |2 Uk 
019 |a 981128  |a 556674423  |a 639844045  |a 1004452490  |a 1024112235  |a 1039374730  |a 1087178833  |a 1098357973  |a 1141612785  |a 1298807592 
029 1 |a AU@  |b 000006561422 
029 1 |a GEBAY  |b 6319623 
029 1 |a NLGGC  |b 098750771 
029 1 |a NZ1  |b 7940704 
029 1 |a NZ1  |b 892069 
029 1 |a UKMGB  |b 000272087 
029 1 |a UNITY  |b 112329896 
035 |a (OCoLC)on1098218118 
035 |a (OCoLC)1098218118  |z (OCoLC)981128  |z (OCoLC)556674423  |z (OCoLC)639844045  |z (OCoLC)1004452490  |z (OCoLC)1024112235  |z (OCoLC)1039374730  |z (OCoLC)1087178833  |z (OCoLC)1098357973  |z (OCoLC)1141612785  |z (OCoLC)1298807592 
040 |a DLC  |b eng  |c DLC  |d KSU  |d DGW  |d STF  |d UPM  |d GEBAY  |d UKMGB  |d OCLCF  |d MFM  |d RCE  |d UVQ  |d VAMVE  |d PEX  |d UWW  |d OCLCO  |d ICW  |d IL4J6  |d OCLCQ  |d OCLCO  |d NKM 
050 0 0 |a Z41  |b .B4 
082 0 |a 091.5 
100 1 |a Benjamin, Mary A.,  |e author. 
245 1 0 |a Autographs:  |b a key to collecting,  |c by Mary A. Benjamin. 
260 |a New York,  |b R.R. Bowker Co.,  |c 1946. 
300 |a xviii, 305 pages, 1 leaf  |b including folded table xxxv facsimile  |c 23 cm 
336 |a text  |b txt  |2 rdacontent 
337 |a unmediated  |b n  |2 rdamedia 
338 |a volume  |b nc  |2 rdacarrier 
340 |m 8vo.  |2 rdabf 
504 |a Includes bibliographical references. 
505 0 |a Part One. Introduction / Julian P. Boyd -- A Historical Summary -- The A.B.C.'s of Terminology -- Evaluation -- What to Collect -- Where to Buy -- The Forger and his Work -- Facsimiles, Reproductions and Manuscript Copies -- Detection -- The Hidden Signature -- The Strange Case of Button Gwinnett -- Confused Identities -- The Importance of the Collector -- Part Two. Care and Preservation -- How to Arrange -- Tables and Reference Lists -- Index. 
650 0 |a Autographs  |x Collectors and collecting. 
650 6 |a Autographes  |x Collectionneurs et collections. 
650 7 |a Autographs.  |2 fast  |0 (OCoLC)fst00822653 
650 7 |a Autograf  |2 gnd 
650 7 |a Sammlung  |2 gnd 
650 7 |a Autographs.  |2 nli 
650 0 7 |a Sammlung.  |2 swd 
655 7 |a Autographs.  |2 fast  |0 (OCoLC)fst01423715 
655 7 |a Autographs.  |2 lcgft 
776 0 8 |i Online version:  |a Benjamin, Mary A.  |t Autographs: a key to collecting.  |d New York, R.R. Bowker Co., 1946  |w (OCoLC)578272630 
948 |h HELD BY TXA - 292 OTHER HOLDINGS 
994 |a Z0  |b TXA 
999 f f |s 7d49d50c-47b5-3536-a51c-b08b19255c98  |i 9a6def42-3eee-39e0-9eef-5d4487ecd6e2  |t 0 
952 f f |p ric  |a Texas A&M University  |b Rellis Campus  |c Joint Library Facility  |d Remote Storage  |t 0  |e Z41 .B4  |h Library of Congress classification  |i unmediated -- volume  |m A14800503534 
998 f f |a Z41 .B4  |t 0  |l Remote Storage